000 00725nam a22002177a 4500
005 20251108164712.0
008 250721s1998 xx 000 0 ara d
082 1 4 _a811.909565/صدى
100 1 _aالدروع، قاسم محمد
245 1 0 _aصدى معركة الكرامة في الشعر :
_bدراسة و تحليل /
264 1 _aالكرك :
_bجامعة مؤته - عمادة البحث العلمي،
_c1998.
300 _a142ص.
490 0 _aمن أدب المعركة
650 1 7 _aالشعر العربي
650 1 7 _aالأردن
650 1 7 _aالتاريخ الأدبي
650 1 7 _aالنقد الأدبي
650 1 7 _aمعركة الكرامة 1968
942 _2ddc
_cBK
999 _c12213
_d12213